000
00333nam a22001337a 4500
999
_c
54970
_d
54970
008
200203b ||||| |||| 00| 0 eng d
041
_a
eng
080
_a
043.3
082
_a
043.3
100
_a
0
101
_a
MBE
245
_a
Aplikimi i Komponentëve të Promocionit Mix në Telekomin e Kosovës
_c
Keqekolla,G
942
_2
udc
_c
BK